| 000 | 01029nam a22002777i 4500 | ||
|---|---|---|---|
| 999 |
_c5064 _d5064 |
||
| 003 | URS | ||
| 005 | 20220117120631.0 | ||
| 008 | 180510b xxu||||| |||| 00| 0 eng d | ||
| 020 | _a0070021619 | ||
| 040 |
_aDLC _erda _cURS _dDLC _beng |
||
| 050 | 1 | 0 |
_aHF 5547.5 _b.Ar23 1975 |
| 100 | 1 |
_aArcher, Fred Coleman, _d1915- |
|
| 245 | 1 | 0 |
_aGeneral office procedures/ _c[by] Fred C. Archer, Raymond F. Brecker [and] Jeffrey R. Stewart.- |
| 250 | _aFourth edition.- | ||
| 264 | 1 |
_aNew York, _bGregg and Community College Division/McGraw-Hill _c[1975] |
|
| 300 |
_aviii, 536 pages : _billustrations ; _c25 cm |
||
| 336 |
_atext _btxt _2rdacontent |
||
| 337 |
_aunmediated _bn _2rdamedia |
||
| 338 |
_avolume _bnc _2rdacarrier |
||
| 500 | _aFirst-3d editions published under title: General office practice. | ||
| 650 | 0 | _aOffice practice. | |
| 700 | 1 |
_aBrecker, Raymond Franklin, _d1914- _ejoint author. |
|
| 700 | 1 |
_aStewart, Jeffrey Robert, _d1932- _ejoint author. |
|
| 906 |
_a7 _bcbc _corignew _d1 _eocip _f19 _gy-gencatlg |
||
| 942 |
_2lcc _cFR |
||